History Quiz

Random History or War Quiz

Cold War Quiz Stats

 Plays Quiz not verified by Sporcle

Challenge
Share
Tweet
Embed
Score 0/30 Timer 08:00
0 Plays Today
% Correct
Cold War
88.1%
Capitalism
86.8%
Joseph Stalin
84.2%
Franklin D. Roosevelt
82.7%
Iron Curtain
82.7%
Berlin Wall
82.6%
Bay of Pigs invasion
81.2%
Turkey
80%
Fidel Castro
79.8%
Ronald Reagan
78.1%
Nikita Khrushchev
78%
Domino theory
76.5%
Union of Soviet Socialist Republics
76.1%
Korean War
75.1%
Mutual Assured Destruction
74.7%
% Correct
Potsdam
73.7%
Yalta
73.7%
Marshall Plan
73.4%
North Atlantic Treaty Organization
69.1%
Glasnost
68.3%
Arthur Miller
67.5%
Reds under the bed
66.9%
Joseph McCarthy
66.2%
Warsaw Pact
64.6%
HUAC
61.7%
Containment
61.4%
Satellite states
59.2%
Edward R. Murrow
54.7%
Buffer zone
53.1%
Truman Doctrine
47.4%

You're not logged in!

Compare scores with friends on all Sporcle quizzes.
OR
Log In

You Might Also Like...

Show Comments

Extras

Created Nov 7, 2011ReportNominate
Tags:Definition Quiz, War Quiz, cold, key

Top Quizzes Today


Score Distribution

Your Account Isn't Verified!

In order to create a playlist on Sporcle, you need to verify the email address you used during registration. Go to your Sporcle Settings to finish the process.

Report this User

Report this user for behavior that violates our Community Guidelines.

Details: